Catalogue of the Arabic, Persian, and Turkish Manuscripts of the Yahuda Collection of the National Library of Israel Volume 2 /
The Yahuda Collection was bequeathed to the National Library of Israel by one of the twentieth century's most knowledgeable and important collectors, Abraham Shalom Yahuda (d. 1951). The rich and multifaceted collection of 1,186 manuscripts, spanning ten centuries, includes works representing t...
Main Author:
Format: eBook
Language: English
Published:
Leiden; Boston :
BRILL,
2020.
Series:
Islamic Manuscripts and Books ;
13/2.
Middle East and Islamic Studies E-Books Online, Collection 2020, ISBN: 9789004405868.
Subjects:
Online Access: Login to view Source
Tags: Add Tag
Call Number: Z6621.S542
| LEADER | 02808nam a22004691i 4500 | ||
|---|---|---|---|
| 001 | BRILL9789004385306 | ||
| 003 | nllekb | ||
| 005 | 20211118221454.0 | ||
| 006 | m d | ||
| 007 | cr un uuuua | ||
| 008 | 200407s2020 ne sb 001 0 eng d | ||
| 020 | |a 9789004385306 |q (electronic book) | ||
| 020 | |a 9789004348592 |q (print) | ||
| 024 | 7 | |a 10.1163/9789004385306 |2 DOI | |
| 035 | |z (OCoLC)1139892509 | ||
| 040 | |a NL-LeKB |c NL-LeKB |e rda | ||
| 050 | 4 | |a Z6621.S542 | |
| 072 | 7 | |a HBJF1 |2 bicssc | |
| 072 | 7 | |a HIS |x 003000 |2 bisacsh | |
| 072 | 7 | |a HIS |x 026000 |2 bisacsh | |
| 082 | 0 | 4 | |a 011/.31 |2 23 |
| 100 | 1 | |a Wust, Efraim, |e author. | |
| 245 | 1 | 0 | |a Catalogue of the Arabic, Persian, and Turkish Manuscripts of the Yahuda Collection of the National Library of Israel Volume 2 / |c Efraim Wust. |
| 264 | 1 | |a Leiden; |a Boston : |b BRILL, |c 2020. | |
| 300 | |a 1 online resource. | ||
| 336 | |a text |b txt |2 rdacontent | ||
| 337 | |a computer |b c |2 rdamedia | ||
| 338 | |a online resource |2 rdacarrier | ||
| 490 | 1 | |a Islamic Manuscripts and Books ; |v 13/2 | |
| 490 | 1 | |a Middle East and Islamic Studies E-Books Online, Collection 2020, ISBN: 9789004405868 | |
| 520 | |a The Yahuda Collection was bequeathed to the National Library of Israel by one of the twentieth century's most knowledgeable and important collectors, Abraham Shalom Yahuda (d. 1951). The rich and multifaceted collection of 1,186 manuscripts, spanning ten centuries, includes works representing the major Islamic disciplines and literary traditions. Highlights include illuminated manuscripts from Mamluk, Mughal, and Ottoman court libraries; rare, early copies of medieval scholarly treatises; and early modern autograph copies. In this groundbreaking Arabic catalogue, Efraim Wust synthesizes the Islamic and Western manuscript traditions to enrich our understanding of the manuscripts and their compositions. His combined treatment of Arabic, Persian, and Turkish manuscripts preserves the integrity of the collection and honors the multicultural history of the Islamic intellectual traditions. | ||
| 588 | |a Description based on print version record. | ||
| 650 | 0 | |a Manuscripts, Arabic. | |
| 650 | 0 | |a Manuscripts, Persian. | |
| 650 | 0 | |a Manuscripts, Turkish. | |
| 776 | 0 | 8 | |i Print version: |t Catalogue of the Arabic, Persian, and Turkish Manuscripts of the Yahuda Collection of the National Library of Israel Volume 2, |d Leiden Boston : BRILL, 2020 |z 9789004348592 |
| 830 | 0 | |a Islamic Manuscripts and Books ; |v 13/2. | |
| 830 | 0 | |a Middle East and Islamic Studies E-Books Online, Collection 2020, ISBN: 9789004405868. | |
| 856 | 4 | |z DOI: |u http://dx.doi.org/10.1163/9789004385306 | |
| 942 | |2 lcc |c EBOOK | ||
| 952 | |0 0 |1 0 |2 lcc |4 0 |7 1 |9 22349 |a BRILL |b BRILL |d 2021-11-18 |l 0 |r 2021-11-18 00:00:00 |w 2021-11-18 |y EBOOK | ||
| 999 | |c 39823 |d 39823 | ||
